| 000 | 00491nam a22001817a 4500 | ||
|---|---|---|---|
| 005 | 20230915152502.0 | ||
| 008 | 230908b |||||||| |||| 00| 0 eng d | ||
| 082 |
_a515.15 _bKIN-A |
||
| 100 | _aKindle,Joseph H. | ||
| 245 | _aTheory and Problems of Plane and Solid Analytic Geometry | ||
| 260 |
_aUSA _bSchaum Publishing Co. _c1950 |
||
| 300 | _a148 | ||
| 490 | _aSchaum'S outline Series | ||
| 500 | _aInclude index | ||
| 650 | _aMathematics | ||
| 700 | _aJoseph H.Kindle | ||
| 999 |
_c33488 _d33488 |
||